000
00266nam a2200109Ia 4500
008
220204s9999 xx 000 0 und d
082
_a
82-3
_b
BLY
100
_a
Blyton, Enid
245
4
_a
The Children at green meadows
260
_a
London
_b
Fontana
_c
1978
942
_c
BK
999
_c
32682
_d
32682